书目信息 |
| 题名: |
中国思想文化十八讲
|
|
| 作者: | 张茂泽 著 | |
| 分册: | ||
| 出版信息: | 西安 陕西人民出版社 2008.11 |
|
| 页数: | 354页 | |
| 开本: | 24cm | |
| 丛书名: | 西部人文讲座丛书 | |
| 单 册: | ||
| 中图分类: | B2-53 , K203-53 | |
| 科图分类: | ||
| 主题词: | 思想史--si xiang shi--中国 , 文化史--wen hua shi--中国 | |
| 电子资源: | ||
| ISBN: | 978-7-224-08678-2 | |
| 000 | 01005nam 2200289 450 | |
| 001 | 012009385741 | |
| 005 | 20090623195129.67 | |
| 010 | @a978-7-224-08678-2@dCNY29.00 | |
| 100 | @a20090623d2008 em y0chi0120 ea | |
| 101 | 0 | @achi |
| 102 | @aCN@b610000 | |
| 105 | @aa a 000yy | |
| 106 | @ar | |
| 200 | 1 | @a中国思想文化十八讲@Azhong guo si xiang wen hua shi ba jiang@f张茂泽著@Fzhang mao ze zhu |
| 210 | @a西安@c陕西人民出版社@d2008.11 | |
| 215 | @a354页@c图@d24cm | |
| 225 | 2 | @a西部人文讲座丛书@Axi bu ren wen jiang zuo cong shu |
| 320 | @a有书目 (第350-351页) | |
| 330 | @a本书共十八讲,内容包括:课程的内容和意义、宗教的定义、祖先崇拜、儒家的“天命”观、阴阳五行说的宗教化、道教、佛教的传入及其中国化等。 | |
| 410 | 0 | @12001 @a西部人文讲座丛书 |
| 606 | 0 | @a思想史@Asi xiang shi@y中国 |
| 606 | 0 | @a文化史@Awen hua shi@y中国 |
| 690 | @aB2-53@v4 | |
| 690 | @aK203-53@v4 | |
| 701 | 0 | @a张茂泽@Azhang mao ze@4著 |
| 801 | 0 | @aCN@bQSSK@c20090623 |
| 905 | @b748869-71@dK203-53@eZ149@f3 | |
| 中国思想文化十八讲/张茂泽著.-西安:陕西人民出版社,2008.11 |
| 354页:图;24cm.-(西部人文讲座丛书) |
| ISBN 978-7-224-08678-2:CNY29.00 |
| 本书共十八讲,内容包括:课程的内容和意义、宗教的定义、祖先崇拜、儒家的“天命”观、阴阳五行说的宗教化、道教、佛教的传入及其中国化等。 |
| ● |
| 相关链接 |
|
|
|
正题名:中国思想文化十八讲
索取号:K203-53/Z149
 
预约/预借
| 序号 | 登录号 | 条形码 | 馆藏地/架位号 | 状态 | 备注 |
| 1 | 748869 | 207488690 | 社科库309/309社科库 106排3列5层/ [索取号:K203-53/Z149] | 在馆 | |
| 2 | 748870 | 207488707 | 社科库309/309社科库 106排3列5层/ [索取号:K203-53/Z149] | 在馆 | |
| 3 | 748871 | 207488716 | 社科库309/309社科库 106排3列5层/ [索取号:K203-53/Z149] | 在馆 |